[Event "Sports Meet Chess Tour 55th"]
[Site "New Delhi"]
[Date "2022.12.19"]
[Round "5.1"]
[White "Jain, Saankulp"]
[Black "Adithyan, G."]
[Result "0-1"]
[WhiteElo "1571"]
[BlackElo "1305"]
[PlyCount "128"]
[EventDate "2022.12.15"]
[EventType "team-swiss"]
[EventRounds "7"]
[EventCountry "IND"]
[SourceTitle "CBM 212 Extra"]
[Source "ChessBase"]
[SourceDate "2023.03.31"]
[SourceVersion "1"]
[SourceVersionDate "2023.03.31"]
[SourceQuality "1"]
[WhiteTeam "Kanpur"]
[BlackTeam "Dhanbad"]
[WhiteTeamCountry "IND"]
[BlackTeamCountry "IND"]

1. d4 Nf6 2. Nf3 g6 3. Bg5 Bg7 4. Nbd2 d6 5. e3 0-0 6. Bd3 Nbd7 7. 0-0 c5 8. c3 a6 9. a4 Rb8 10. Qe2 Re8 11. h3 h6 12. Bh4 Qc7 13. Bg3 Nh5 14. Bh2 e5 15. dxe5 Nxe5 16. Nc4 Nxc4 17. Bxc4 Be6 18. Rad1 Rbd8 19. Rd2 Nf6 20. Bxe6 Rxe6 21. Qc4 Ne4 22. Rc2 Qc6 23. Nd2 d5 24. Qa2 Be5 25. Bxe5 Rxe5 26. Nxe4 dxe4 27. Qc4 Rg5 28. Kh1 Rh5 29. f3 exf3 30. Rxf3 Rd1+ 31. Kh2 Qd6+ 32. Qf4 Qd7 33. Rcf2 Rf5 34. Qb8+ Kh7 35. Rxf5 gxf5 36. Qf4 Rd5 37. e4 fxe4 38. Qxe4+ f5 39. Qf4 Kg6 40. Qg3+ Kf6 41. Rf4 Rd3 42. Qh4+ Kg6 43. Rf2 Qd6+ 44. Qf4 Qd7 45. Qe5 Rd5 46. Qf4 Rd3 47. h4 Qe6 48. Kh1 Re3 49. Kh2 Re4 50. Qg3+ Rg4 51. Qh3 Qe5+ 52. g3 Qe3 53. Kg2 h5 54. Rf1 f4 55. Rxf4 Qxf4 56. Kh2 Qxa4 57. Qg2 Qc6 58. Qd2 Qc7 59. Qd3+ Kg7 60. Kh3 Qf7 61. Qd6 Rg6 62. Qe5+ Rf6 63. Qg5+ Qg6 64. Qe3 Qf5+ 0-1